[Event "MP Reykjavik Open 2011"]
[Site "Reykjavik ISL"]
[Date "2011.03.13"]
[Round "6.45"]
[White "Ptacnikova, Lenka"]
[Black "Thorsteinsson, Erlingur"]
[Result "1-0"]
[WhiteElo "2307"]
[BlackElo "2110"]
[PlyCount "57"]
[EventDate "2011.03.09"]
[EventType "swiss"]
[EventRounds "9"]
[EventCountry "ISL"]
[Source "lmi"]
[SourceDate "2011.03.09"]

1. Nf3 b6 2. e4 Bb7 3. Nc3 Nf6 4. e5 Nd5 5. Nxd5 Bxd5 6. d4 e6 7. Bd3 c5 8.
dxc5 Bxc5 9. O-O Nc6 10. Re1 Nd4 11. Nxd4 Bxd4 12. Qg4 Bc5 13. Qxg7 Rf8 14. Bg5
Be7 15. Bh6 Qc7 16. Qxh7 O-O-O 17. Bxf8 Rxf8 18. c4 Bb7 19. Be4 Ba6 20. Bf3 Bb4
21. Qe4 Bxe1 22. Rxe1 Kd8 23. b3 Ke7 24. Rd1 Rg8 25. h4 Bc8 26. h5 Rg5 27. h6
Rg8 28. Qh4+ Ke8 29. Qf6 1-0

[Event "MP Reykjavik Open 2011"]
[Site "Reykjavik ISL"]
[Date "2011.03.13"]
[Round "6.46"]
[White "Lee, Kai Jie Edward"]
[Black "Kovachev, Daniel Jakobsen"]
[Result "0-1"]
[WhiteElo "1913"]
[BlackElo "2307"]
[PlyCount "106"]
[EventDate "2011.03.09"]
[EventType "swiss"]
[EventRounds "9"]
[EventCountry "ISL"]
[Source "lmi"]
[SourceDate "2011.03.09"]

1. e4 e5 2. Nf3 Nc6 3. Bb5 a6 4. Ba4 Nf6 5. O-O Be7 6. Re1 b5 7. Bb3 d6 8. c3
O-O 9. h3 Nb8 10. d4 Nbd7 11. Nbd2 Bb7 12. Bc2 Re8 13. Nf1 Bf8 14. Ng3 g6 15.
Bd2 Bg7 16. Qc1 Qe7 17. Bh6 Qf8 18. Bxg7 Qxg7 19. Qd2 Nb6 20. b3 Re7 21. Nh4
Nfd7 22. Re3 Kh8 23. Rae1 Rae8 24. Nf3 Nf8 25. Nf1 Ne6 26. g3 exd4 27. cxd4 c5
28. dxc5 dxc5 29. Qc3 Qxc3 30. Rxc3 b4 31. Rd3 Nc7 32. N1d2 Nb5 33. Rde3 Kg7
34. Ra1 Nc3 35. a4 a5 36. Rae1 h6 37. Bd3 Kf8 38. Nb1 Bxe4 39. Nxc3 Bxd3 40.
Ne5 Rxe5 41. Rxe5 Rxe5 42. Rxe5 bxc3 43. f4 c2 44. Re1 Be2 45. Rc1 Bd1 46. Kf2
Ke7 47. Ke1 Kd6 48. Kd2 Kd5 49. g4 Kd4 50. g5 hxg5 51. fxg5 Nd5 52. h4 Nb4 53.
h5 gxh5 0-1

[Event "MP Reykjavik Open 2011"]
[Site "Reykjavik ISL"]
[Date "2011.03.13"]
[Round "6.47"]
[White "Bisby, Daniel"]
[Black "Rehfeldt, Frank"]
[Result "1-0"]
[WhiteElo "2306"]
[BlackElo "2091"]
[PlyCount "95"]
[EventDate "2011.03.09"]
[EventType "swiss"]
[EventRounds "9"]
[EventCountry "ISL"]
[Source "lmi"]
[SourceDate "2011.03.09"]

1. e4 c6 2. Nf3 d5 3. exd5 cxd5 4. Ne5 Nc6 5. d4 e6 6. Bb5 Bd7 7. Nxd7 Qxd7 8.
O-O a6 9. Be2 Nf6 10. c3 Bd6 11. Nd2 O-O 12. Nf3 Ne4 13. Ng5 f5 14. Nh3 Qc7 15.
g3 Rf6 16. Bf4 Raf8 17. f3 Bxf4 18. Nxf4 Nd6 19. Nd3 Nc4 20. Qc1 Qb6 21. Nc5
Rd8 22. Bxc4 dxc4 23. Qe3 Ne7 24. Rae1 Nd5 25. Qe2 f4 26. Nxe6 Rc8 27. Nxf4
Nxf4 28. gxf4 Rxf4 29. Qe6+ Qxe6 30. Rxe6 Kf7 31. Re4 Rf6 32. Kg2 Rg6+ 33. Rg4
Re6 34. Rf4+ Kg8 35. Re4 Rg6+ 36. Kf2 Rb6 37. Re2 Rh6 38. Ke1 Kf7 39. Rff2 Rcc6
40. Re5 Rcg6 41. Rfe2 Rg1+ 42. Kf2 Rb1 43. Re7+ Kf8 44. Re8+ Kf7 45. R2e7+ Kf6
46. Re6+ Kf7 47. Rxh6 Rxb2+ 48. Re2 1-0

[Event "MP Reykjavik Open 2011"]
[Site "Reykjavik ISL"]
[Date "2011.03.13"]
[Round "6.48"]
[White "Karason, Askell O"]
[Black "Johannsson, Orn Leo"]
[Result "1-0"]
[WhiteElo "2258"]
[BlackElo "1859"]
[PlyCount "45"]
[EventDate "2011.03.09"]
[EventType "swiss"]
[EventRounds "9"]
[EventCountry "ISL"]
[Source "lmi"]
[SourceDate "2011.03.09"]

1. d4 d5 2. c4 c6 3. Nf3 Nf6 4. Nc3 e6 5. Bg5 h6 6. Bh4 dxc4 7. e4 g5 8. Bg3 b5
9. Be2 Bb4 10. O-O Bxc3 11. bxc3 Nxe4 12. Qc2 Nxg3 13. fxg3 Nd7 14. Ne5 Nxe5
15. dxe5 Qb6+ 16. Kh1 Bd7 17. Rad1 O-O-O 18. Rxf7 Qe3 19. Rd6 Be8 20. Rxd8+
Kxd8 21. Qd1+ Kc8 22. Re7 Qxe5 23. Bg4 1-0

[Event "MP Reykjavik Open 2011"]
[Site "Reykjavik ISL"]
[Date "2011.03.13"]
[Round "6.49"]
[White "Brynjarsson, Helgi"]
[Black "Michalczak, Thomas"]
[Result "0-1"]
[WhiteElo "2008"]
[BlackElo "2332"]
[PlyCount "100"]
[EventDate "2011.03.09"]
[EventType "swiss"]
[EventRounds "9"]
[EventCountry "ISL"]
[Source "lmi"]
[SourceDate "2011.03.09"]

1. e4 e5 2. Nf3 d6 3. d4 exd4 4. Nxd4 Nf6 5. Nc3 Be7 6. Bc4 O-O 7. f3 c6 8. a4
d5 9. exd5 Nxd5 10. Nxd5 cxd5 11. Bb3 Bb4+ 12. c3 Re8+ 13. Kf2 Bc5 14. Be3 Nc6
15. Qd3 Ne5 16. Qd2 Qh4+ 17. g3 Qf6 18. Bf4 Nc4 19. Bxc4 dxc4 20. Rhe1 Bd7 21.
Kg2 Rxe1 22. Rxe1 Bxa4 23. Re5 Rc8 24. Nf5 Bf8 25. h4 h6 26. Qe2 Bd7 27. Ne7+
Bxe7 28. Rxe7 Qf5 29. Qe4 Qxe4 30. Rxe4 Be6 31. Rd4 Kf8 32. Kf2 Ke8 33. Ke3 Rc6
34. Rd6 Rc5 35. g4 Rb5 36. Rd2 Bd5 37. Bb8 a6 38. Bd6 f6 39. f4 h5 40. g5 Kf7
41. Kd4 Kg6 42. Bf8 Kf7 43. Bd6 Be6 44. Bc5 b6 45. Ba3 g6 46. Ke4 Bf5+ 47. Kd4
Bd3 48. Rd1 fxg5 49. fxg5 Ke6 50. b4 Re5 0-1

[Event "MP Reykjavik Open 2011"]
[Site "Reykjavik ISL"]
[Date "2011.03.13"]
[Round "6.50"]
[White "Thorsteinsson, Thorsteinn"]
[Black "Keetbaas, Herman"]
[Result "1-0"]
[WhiteElo "2220"]
[BlackElo "1991"]
[PlyCount "37"]
[EventDate "2011.03.09"]
[EventType "swiss"]
[EventRounds "9"]
[EventCountry "ISL"]
[Source "lmi"]
[SourceDate "2011.03.09"]

1. d4 Nf6 2. c4 c5 3. d5 b5 4. cxb5 a6 5. e3 e6 6. Nc3 Bb7 7. e4 axb5 8. Bxb5
Qa5 9. Qe2 Be7 10. Bd2 Qb6 11. Bc4 O-O 12. Nf3 Na6 13. O-O Nb4 14. Bg5 exd5 15.
exd5 h6 16. Bh4 g5 17. Bg3 Nbxd5 18. Bxd5 Bxd5 19. Qxe7 1-0

[Event "MP Reykjavik Open 2011"]
[Site "Reykjavik ISL"]
[Date "2011.03.13"]
[Round "6.51"]
[White "Agrest, Inna"]
[Black "Reppen, Ellisiv"]
[Result "1/2-1/2"]
[WhiteElo "2170"]
[BlackElo "1963"]
[PlyCount "113"]
[EventDate "2011.03.09"]
[EventType "swiss"]
[EventRounds "9"]
[EventCountry "ISL"]
[Source "lmi"]
[SourceDate "2011.03.09"]

1. e4 e5 2. Nf3 Nc6 3. Bb5 a6 4. Ba4 Nf6 5. d3 b5 6. Bb3 Be7 7. O-O d6 8. c3
O-O 9. Re1 Bb7 10. Nbd2 Na5 11. Bc2 c5 12. Nf1 Re8 13. Ng3 g6 14. a4 c4 15.
axb5 axb5 16. d4 Nc6 17. Rxa8 Qxa8 18. d5 Nb8 19. Bg5 Nbd7 20. h4 Qa2 21. Qc1
Nc5 22. Bb1 Qa7 23. h5 Nb3 24. Qd1 Bc8 25. Be3 Qc7 26. Nh2 Bd7 27. f4 exf4 28.
Bxf4 Qc5+ 29. Be3 Qc8 30. hxg6 fxg6 31. Qc2 Ng4 32. Nxg4 Bxg4 33. Rf1 Rf8 34.
Rxf8+ Qxf8 35. Nf1 Bh4 36. Nh2 Na1 37. Qd2 Nb3 38. Qc2 Na1 39. Qc1 Nb3 40. Qf1
Qxf1+ 41. Kxf1 Bd7 42. Bc2 Na5 43. Bf4 Nb7 44. Nf3 Be7 45. Nd4 Kf7 46. b4 Bf6
47. Ke2 h5 48. Kd2 Be5 49. Ke3 Bxf4+ 50. Kxf4 Kf6 51. Nf3 Nd8 52. Ng5 Bg4 53.
g3 Be2 54. Nh7+ Kg7 55. Ng5 Kf6 56. Nh7+ Kg7 57. Ng5 1/2-1/2

[Event "MP Reykjavik Open 2011"]
[Site "Reykjavik ISL"]
[Date "2011.03.13"]
[Round "6.52"]
[White "Rutten, David"]
[Black "Burrows, Martin P"]
[Result "0-1"]
[WhiteElo "1880"]
[BlackElo "2168"]
[PlyCount "130"]
[EventDate "2011.03.09"]
[EventType "swiss"]
[EventRounds "9"]
[EventCountry "ISL"]
[Source "lmi"]
[SourceDate "2011.03.09"]

1. d4 Nf6 2. c4 e6 3. Nf3 b6 4. g3 Ba6 5. b3 Bb4+ 6. Bd2 Be7 7. Bg2 c6 8. O-O
d5 9. Qc2 Nbd7 10. Bc1 Rc8 11. Nbd2 c5 12. e3 b5 13. dxc5 Bxc5 14. Qd3 bxc4 15.
bxc4 O-O 16. Bb2 dxc4 17. Nxc4 Bxc4 18. Qxc4 Bxe3 19. Qd3 Bc5 20. Rad1 Qb6 21.
Bd4 Bxd4 22. Nxd4 Rfd8 23. Qb5 Rc5 24. Qxb6 axb6 25. Nc6 Re8 26. Rc1 Kf8 27.
Rfd1 Rc8 28. Rxc5 Nxc5 29. Rb1 Nfd7 30. f4 Ra8 31. Nb4 Ra3 32. Rb2 Rc3 33. Bc6
Ke7 34. Rd2 Rc4 35. Rb2 Kd6 36. Bb5 Rc1+ 37. Kg2 Rd1 38. Kf3 Kc7 39. Ke3 Nf6
40. Ke2 Rh1 41. Kf3 Rc1 42. Nc6 Rc3+ 43. Ke2 Nd5 44. Nd4 Re3+ 45. Kd2 Ne4+ 46.
Kc1 Rc3+ 47. Kb1 Nd6 48. Be2 Rc5 49. Bd3 h6 50. Rc2 Rxc2 51. Bxc2 Ne3 52. Bd3
Ng4 53. h3 Nf2 54. Bf1 Nde4 55. Kc2 Nxg3 56. Bg2 Nfe4 57. Kd3 Nc5+ 58. Kc4 Nh5
59. Ne2 Nf6 60. Kd4 Ne8 61. Nc3 Nd6 62. Bf3 f6 63. Bg4 g5 64. fxg5 hxg5 65. Bf3
Nd7 0-1

[Event "MP Reykjavik Open 2011"]
[Site "Reykjavik ISL"]
[Date "2011.03.13"]
[Round "6.53"]
[White "Plug, Arjan"]
[Black "Van der Plas, Rob"]
[Result "0-1"]
[WhiteElo "1965"]
[BlackElo "2165"]
[PlyCount "66"]
[EventDate "2011.03.09"]
[EventType "swiss"]
[EventRounds "9"]
[EventCountry "ISL"]
[Source "lmi"]
[SourceDate "2011.03.09"]

1. e4 e6 2. d4 d5 3. Nd2 Nf6 4. e5 Nfd7 5. Bd3 c5 6. c3 Nc6 7. Ngf3 Qb6 8. O-O
Be7 9. Re1 g5 10. dxc5 Bxc5 11. Qe2 g4 12. Nd4 Ndxe5 13. Bc2 Bxd4 14. cxd4 Qxd4
15. Nf1 Bd7 16. Be3 Qc4 17. Qd1 d4 18. Nd2 Qb4 19. Bf4 d3 20. Bxe5 Nxe5 21.
Rxe5 dxc2 22. Qxc2 Rc8 23. Qd3 Qxb2 24. Rae1 Qc3 25. Qd6 Rc6 26. Qd5 Ke7 27.
R1e3 Qa1+ 28. Re1 Rc1 29. Rxc1 Qxc1+ 30. Nf1 Bc6 31. Qd4 Rd8 32. Qb4+ Ke8 33.
Re1 Rd1 0-1

[Event "MP Reykjavik Open 2011"]
[Site "Reykjavik ISL"]
[Date "2011.03.13"]
[Round "6.54"]
[White "Knudsen, Jes West"]
[Black "Guindy, Esmat"]
[Result "0-1"]
[WhiteElo "1945"]
[BlackElo "2153"]
[PlyCount "64"]
[EventDate "2011.03.09"]
[EventType "swiss"]
[EventRounds "9"]
[EventCountry "ISL"]
[Source "lmi"]
[SourceDate "2011.03.09"]

1. e4 e6 2. d3 d5 3. Nd2 c5 4. Ngf3 Nc6 5. g3 Qc7 6. Bg2 Nf6 7. O-O b6 8. Re1
Be7 9. Nf1 Bb7 10. Bf4 Qd8 11. e5 Nd7 12. h4 h6 13. Qd2 g5 14. hxg5 hxg5 15.
Nxg5 Ndxe5 16. Nxe6 fxe6 17. Bxe5 Rh7 18. Qe2 Qd7 19. Bf4 Nd4 20. Qg4 O-O-O 21.
Qg6 Bf8 22. Rac1 Re8 23. c3 Nf5 24. d4 Bh6 25. Bxh6 Rxh6 26. Qg4 Qh7 27. Qf3
Rh8 28. b4 cxb4 29. cxb4+ Kd7 30. Red1 Ba6 31. a4 Be2 32. Qxe2 Rh1+ 0-1

[Event "MP Reykjavik Open 2011"]
[Site "Reykjavik ISL"]
[Date "2011.03.13"]
[Round "6.55"]
[White "Ingvason, Johann"]
[Black "Benediktsson, Frimann"]
[Result "1-0"]
[WhiteElo "2135"]
[BlackElo "1917"]
[PlyCount "95"]
[EventDate "2011.03.09"]
[EventType "swiss"]
[EventRounds "9"]
[EventCountry "ISL"]
[Source "lmi"]
[SourceDate "2011.03.09"]

1. e4 c5 2. Nf3 Nc6 3. d4 cxd4 4. Nxd4 g6 5. Nc3 Bg7 6. Be3 Nf6 7. f3 O-O 8.
Qd2 d5 9. Nxc6 bxc6 10. Rd1 Qc7 11. Be2 dxe4 12. fxe4 Be6 13. O-O Ng4 14. Bxg4
Bxg4 15. Rb1 Be6 16. Qf2 Be5 17. Bf4 Bxf4 18. Qxf4 Qb6+ 19. Kh1 Qc5 20. Rf2
Rab8 21. h3 Rfd8 22. Rd2 Rxd2 23. Qxd2 Qd6 24. Qe3 c5 25. b3 Qe5 26. Rd1 Rc8
27. Qf3 Kg7 28. Ne2 Rc7 29. c4 f6 30. Nc3 Rd7 31. Nd5 Bg8 32. Rf1 e6 33. Qxf6+
Qxf6 34. Nxf6 Rd4 35. e5 Bf7 36. Nxh7 Rd2 37. Ng5 Bg8 38. Ne4 Rxa2 39. Nxc5 Re2
40. Ra1 Rxe5 41. Rxa7+ Kh6 42. Nd7 Re1+ 43. Kh2 e5 44. Nf6 Be6 45. h4 g5 46. h5
Bf5 47. g4 Bd3 48. Ng8# 1-0

[Event "MP Reykjavik Open 2011"]
[Site "Reykjavik ISL"]
[Date "2011.03.13"]
[Round "6.56"]
[White "Mihajlov, Sebastian"]
[Black "Schaefer, Reyk"]
[Result "1-0"]
[WhiteElo "1871"]
[BlackElo "2133"]
[PlyCount "69"]
[EventDate "2011.03.09"]
[EventType "swiss"]
[EventRounds "9"]
[EventCountry "ISL"]
[Source "lmi"]
[SourceDate "2011.03.09"]

1. d4 Nf6 2. c4 g6 3. Nc3 d5 4. cxd5 Nxd5 5. e4 Nxc3 6. bxc3 Bg7 7. Bc4 O-O 8.
Ne2 c5 9. O-O Nc6 10. Be3 Bg4 11. f3 Na5 12. Bxf7+ Rxf7 13. fxg4 Rxf1+ 14. Kxf1
cxd4 15. cxd4 Qd6 16. Kg1 Qe6 17. Ng3 Nc4 18. Qb3 Rc8 19. Rc1 b5 20. Bf2 Qd7
21. e5 Bh6 22. Re1 Kg7 23. Ne4 Nd2 24. Qd3 Nxe4 25. Qxe4 Rc4 26. e6 Qd6 27. Bg3
Qc6 28. Qe5+ Kg8 29. Qb8+ Qc8 30. Qxa7 Rc1 31. Qxe7 Be3+ 32. Kh1 Rxe1+ 33. Bxe1
Bxd4 34. Qf7+ Kh8 35. e7 1-0

[Event "MP Reykjavik Open 2011"]
[Site "Reykjavik ISL"]
[Date "2011.03.13"]
[Round "6.57"]
[White "Braig, Frank"]
[Black "Gardarsson, Hordur"]
[Result "1-0"]
[WhiteElo "2105"]
[BlackElo "1851"]
[PlyCount "89"]
[EventDate "2011.03.09"]
[EventType "swiss"]
[EventRounds "9"]
[EventCountry "ISL"]
[Source "lmi"]
[SourceDate "2011.03.09"]

1. e4 c6 2. Nc3 d5 3. Nf3 dxe4 4. Nxe4 Bf5 5. Ng3 Bg6 6. h4 h6 7. Ne5 Bh7 8.
Qh5 g6 9. Bc4 e6 10. Qe2 Qe7 11. d4 Nf6 12. Bd2 Bg7 13. a3 a5 14. b4 Nd5 15.
bxa5 Na6 16. Ne4 f5 17. Nc3 Bxe5 18. Qxe5 Kf7 19. Bxh6 Qf6 20. Nxd5 Qxe5+ 21.
dxe5 exd5 22. Bxa6 Rxa6 23. Bd2 Ke6 24. f4 Bg8 25. Rb1 Rh7 26. Rh3 Rd7 27. Rhb3
Ra7 28. Ke2 d4 29. Rb6 Kd5 30. Kd3 Rc7 31. R1b4 Rd7 32. Rxd4+ Ke6 33. Rxd7 Kxd7
34. Bb4 Bd5 35. g3 Be4+ 36. Kd2 Bd5 37. Kc3 Be4 38. Kb3 Kc8 39. c4 Ra6 40. e6
Rxb6 41. axb6 Kd8 42. Bc5 Bf3 43. a4 Kc8 44. a5 Bh5 45. Kc3 1-0

[Event "MP Reykjavik Open 2011"]
[Site "Reykjavik ISL"]
[Date "2011.03.13"]
[Round "6.58"]
[White "Erikstad, Olav"]
[Black "Kristinsson, Ogmundur"]
[Result "1/2-1/2"]
[WhiteElo "1829"]
[BlackElo "2099"]
[PlyCount "61"]
[EventDate "2011.03.09"]
[EventType "swiss"]
[EventRounds "9"]
[EventCountry "ISL"]
[Source "lmi"]
[SourceDate "2011.03.09"]

1. e4 e5 2. Nf3 Nc6 3. Bb5 a6 4. Bxc6 dxc6 5. O-O Bg4 6. h3 Bh5 7. d3 Bd6 8.
Be3 Qd7 9. Nbd2 f6 10. Qe1 g5 11. Nh2 Ne7 12. Nc4 Bf7 13. Ng4 Ng8 14. Qc3 h5
15. Ngxe5 Qe6 16. Nxf7 Qxf7 17. Nxd6+ cxd6 18. Bxg5 O-O-O 19. Be3 Ne7 20. Qb3
d5 21. exd5 Nxd5 22. c4 Nxe3 23. fxe3 Rhg8 24. Rad1 Rg3 25. Rf3 Rxf3 26. gxf3
Qe6 27. Kf2 Qxh3 28. Rg1 Qh4+ 29. Kf1 Qh3+ 30. Kf2 Qh4+ 31. Kf1 1/2-1/2

[Event "MP Reykjavik Open 2011"]
[Site "Reykjavik ISL"]
[Date "2011.03.13"]
[Round "6.59"]
[White "Herms Agullo, Jordi"]
[Black "Antonsson, Atli"]
[Result "1-0"]
[WhiteElo "2098"]
[BlackElo "1830"]
[PlyCount "87"]
[EventDate "2011.03.09"]
[EventType "swiss"]
[EventRounds "9"]
[EventCountry "ISL"]
[Source "lmi"]
[SourceDate "2011.03.09"]

1. e4 e6 2. d4 d5 3. Nc3 Nf6 4. e5 Nfd7 5. Nf3 c5 6. dxc5 Bxc5 7. Bd3 a6 8. Qe2
Nc6 9. Bf4 b5 10. O-O-O Qa5 11. Rde1 Nb6 12. Kb1 Nb4 13. Nd2 Na4 14. Nxa4 Qxa4
15. Nb3 Qxa2+ 16. Kc1 Nxd3+ 17. Qxd3 Bxf2 18. Ref1 Bb6 19. Qg3 g6 20. Bh6 Ra7
21. Qc3 Rc7 22. Qf3 Bb7 23. Qf6 Rg8 24. Bg5 Rd7 25. Rf3 Bd8 26. Qf4 Bxg5 27.
Qxg5 a5 28. Rhf1 d4 29. Rf6 Rf8 30. Qf4 d3 31. Rxe6+ Kd8 32. Rd6 dxc2 33. Qf6+
Kc8 34. Rxd7 Qb1+ 35. Kd2 Kxd7 36. Qd6+ Ke8 37. Qb8+ Ke7 38. Qxb7+ Ke8 39.
Qxb5+ Ke7 40. Qc5+ Ke8 41. Rc1 Qxb2 42. Rxc2 Qxb3 43. Qc8+ Ke7 44. Rc7# 1-0

[Event "MP Reykjavik Open 2011"]
[Site "Reykjavik ISL"]
[Date "2011.03.13"]
[Round "6.60"]
[White "Willis, Brad"]
[Black "Hreinsson, Kristjan"]
[Result "1-0"]
[WhiteElo "2090"]
[BlackElo "1792"]
[PlyCount "99"]
[EventDate "2011.03.09"]
[EventType "swiss"]
[EventRounds "9"]
[EventCountry "ISL"]
[Source "lmi"]
[SourceDate "2011.03.09"]

1. f4 d5 2. Nf3 c5 3. e3 Nc6 4. Bb5 a6 5. Bxc6+ bxc6 6. d3 Nf6 7. O-O Bg4 8.
Nbd2 Rb8 9. b3 d4 10. e4 Qc7 11. Nc4 Nd7 12. Qe1 f6 13. e5 Nb6 14. Nd6+ Kd7 15.
Ne4 Bxf3 16. Rxf3 e6 17. exf6 gxf6 18. Nxf6+ Kc8 19. Qxe6+ Kb7 20. Ne4 Nd5 21.
Bd2 Rd8 22. Qe5 Bd6 23. Nxd6+ Qxd6 24. Qxd6 Rxd6 25. Re1 Rf6 26. Kf2 Rhf8 27.
Re5 Kc7 28. Rh5 R8f7 29. f5 Kd7 30. g4 a5 31. a4 Rg7 32. h3 Nb4 33. Bxb4 cxb4
34. g5 Rff7 35. f6 Rg6 36. Rf5 Kd6 37. Rxa5 h6 38. h4 hxg5 39. hxg5 Ke6 40. Kf3
Kd6 41. Rf5 Ke6 42. Kf4 Rg8 43. Re5+ Kd6 44. Kf5 Rgf8 45. Re6+ Kd7 46. g6 Rg7
47. Rh7 Rxh7 48. gxh7 c5 49. Re7+ Kd8 50. Rg7 1-0

[Event "MP Reykjavik Open 2011"]
[Site "Reykjavik ISL"]
[Date "2011.03.13"]
[Round "6.61"]
[White "Hauksdottir, Hrund"]
[Black "Will, Matthias"]
[Result "0-1"]
[WhiteElo "1554"]
[BlackElo "2047"]
[PlyCount "101"]
[EventDate "2011.03.09"]
[EventType "swiss"]
[EventRounds "9"]
[EventCountry "ISL"]
[Source "lmi"]
[SourceDate "2011.03.09"]

1. e4 Nf6 2. Nc3 d5 3. exd5 Nxd5 4. Bc4 e6 5. Nf3 Nxc3 6. bxc3 Nc6 7. O-O Be7
8. d4 O-O 9. Bf4 Na5 10. Bd3 c5 11. Qe2 Re8 12. Qe4 g6 13. Qe5 Nc6 14. Qe3 Bd7
15. Ng5 cxd4 16. cxd4 Nb4 17. Ne4 Nd5 18. Qf3 Nxf4 19. Qxf4 Bc6 20. c3 Qd5 21.
Qg3 f5 22. Nd2 Bd6 23. Qh3 b5 24. Rfe1 Bf4 25. Nb3 Rad8 26. Rad1 g5 27. Bf1 g4
28. Qd3 Rd7 29. Na5 a6 30. c4 bxc4 31. Qxc4 Qxc4 32. Bxc4 Bd5 33. Bxa6 Ra7 34.
Bb5 Rc8 35. Nb3 Rc2 36. Nc5 Raxa2 37. Nd3 Bd6 38. Rc1 Rd2 39. Rcd1 Rdc2 40. Rc1
Rd2 41. Rcd1 Kg7 42. Nc1 Rxf2 43. Nxa2 Rxg2+ 44. Kf1 Rxh2 45. Re2 Rxe2 46. Bxe2
Bh2 47. Rc1 g3 48. Bd3 g2+ 49. Kf2 g1=Q+ 50. Rxg1+ Bxg1+ 51. Kxg1 0-1

[Event "MP Reykjavik Open 2011"]
[Site "Reykjavik ISL"]
[Date "2011.03.13"]
[Round "6.62"]
[White "Sverrisson, Nokkvi"]
[Black "Kristinsson, Bjarni Jens"]
[Result "1-0"]
[WhiteElo "1824"]
[BlackElo "2039"]
[PlyCount "27"]
[EventDate "2011.03.09"]
[EventType "swiss"]
[EventRounds "9"]
[EventCountry "ISL"]
[Source "lmi"]
[SourceDate "2011.03.09"]

1. e4 e5 2. Nf3 Nc6 3. d4 exd4 4. Bc4 Nf6 5. e5 d5 6. Bb5 Bb4+ 7. c3 dxc3 8.
bxc3 Bc5 9. exf6 Qxf6 10. Qxd5 Qe7+ 11. Qe5 Qxe5+ 12. Nxe5 O-O 13. Nxc6 Re8+
14. Be3 1-0

[Event "MP Reykjavik Open 2011"]
[Site "Reykjavik ISL"]
[Date "2011.03.13"]
[Round "6.63"]
[White "Hajenius, Willem"]
[Black "Johannesson, Oliver"]
[Result "1-0"]
[WhiteElo "2028"]
[BlackElo "1554"]
[PlyCount "43"]
[EventDate "2011.03.09"]
[EventType "swiss"]
[EventRounds "9"]
[EventCountry "ISL"]
[Source "lmi"]
[SourceDate "2011.03.09"]

1. d4 Nf6 2. c4 g6 3. Nc3 Bg7 4. e4 d6 5. f4 O-O 6. Nf3 c5 7. d5 Na6 8. e5 Nd7
9. Be2 dxe5 10. O-O exf4 11. Bxf4 Nc7 12. Qd2 Ne8 13. Ne4 Ndf6 14. Nxc5 Nd6 15.
Nb3 b6 16. Ne5 Bb7 17. Rac1 Rc8 18. Bf3 Nfe4 19. Qe2 Nc5 20. Rfe1 a5 21. Nd4
Ba6 22. Nec6 1-0

[Event "MP Reykjavik Open 2011"]
[Site "Reykjavik ISL"]
[Date "2011.03.13"]
[Round "6.64"]
[White "Puuska, Heini"]
[Black "Finnbogadottir, Tinna Kristin"]
[Result "1/2-1/2"]
[WhiteElo "2014"]
[BlackElo "1791"]
[PlyCount "103"]
[EventDate "2011.03.09"]
[EventType "swiss"]
[EventRounds "9"]
[EventCountry "ISL"]
[Source "lmi"]
[SourceDate "2011.03.09"]

1. d4 d5 2. Bg5 c6 3. Nf3 Bf5 4. e3 Qb6 5. Qc1 Nd7 6. Nbd2 Ngf6 7. c4 e6 8. c5
Qd8 9. Nh4 Bg6 10. Nxg6 hxg6 11. b4 Be7 12. Be2 Nh5 13. Bxe7 Qxe7 14. Bxh5 gxh5
15. O-O Rh6 16. e4 Rg6 17. exd5 Qg5 18. g3 Qxd5 19. Qc4 Nf6 20. Qxd5 Nxd5 21.
a3 h4 22. Nc4 Ke7 23. Nd6 b6 24. Rfe1 hxg3 25. fxg3 bxc5 26. bxc5 Rg4 27. Rab1
Rd8 28. Rb7+ Rd7 29. Rb8 Rd8 30. Rxd8 Kxd8 31. Nxf7+ Ke8 32. Nd6+ Kd7 33. Ne4
Nf6 34. Nxf6+ gxf6 35. Rd1 Kc7 36. Kf2 Rg5 37. Ke3 e5 38. Rf1 exd4+ 39. Kxd4
Rd5+ 40. Kc4 f5 41. Rf4 Re5 42. Rh4 Kb7 43. Rh7+ Ka6 44. Rd7 Re2 45. h4 Re3 46.
Rd3 Re4+ 47. Kb3 Kb5 48. Rf3 Rg4 49. a4+ Ka5 50. h5 Rxa4 51. Rxf5 Rg4 52. Rf7
1/2-1/2

[Event "MP Reykjavik Open 2011"]
[Site "Reykjavik ISL"]
[Date "2011.03.13"]
[Round "6.65"]
[White "Johannsdottir, Johanna Bjorg"]
[Black "Thorsteinsdottir, Hallgerdur"]
[Result "0-1"]
[WhiteElo "1795"]
[BlackElo "2011"]
[PlyCount "88"]
[EventDate "2011.03.09"]
[EventType "swiss"]
[EventRounds "9"]
[EventCountry "ISL"]
[Source "lmi"]
[SourceDate "2011.03.09"]

1. e4 c6 2. d4 d5 3. Nc3 dxe4 4. Nxe4 Bf5 5. Ng3 Bg6 6. Nh3 e6 7. Nf4 Bd6 8. h4
Qc7 9. Nxg6 hxg6 10. Ne4 Bf4 11. g3 Bxc1 12. Qxc1 Nd7 13. Qe3 Ndf6 14. Nc5 Ne7
15. Bg2 O-O-O 16. O-O-O Nf5 17. Qa3 Qb6 18. c3 Nd5 19. Ne4 Kb8 20. Ng5 Qc7 21.
Kb1 Rd7 22. Rhe1 Re8 23. c4 Nf6 24. d5 Red8 25. Rc1 exd5 26. cxd5 Nxd5 27. Qb3
Nb6 28. Bh3 Rd5 29. Qf3 Nc8 30. h5 Nd4 31. Qe3 gxh5 32. Bg2 R5d7 33. Qc3 g6 34.
Ne4 Nb5 35. Qb3 Re7 36. Rh1 Nd4 37. Qa4 Qb6 38. Rc4 Re5 39. Nf6 Ne7 40. Qa3 Nb5
41. Qf3 Rf5 42. Rf4 Qc7 43. Rxf5 Nxf5 44. Rc1 Qd6 0-1

[Event "MP Reykjavik Open 2011"]
[Site "Reykjavik ISL"]
[Date "2011.03.13"]
[Round "6.67"]
[White "Fivelstad, Jon Olav"]
[Black "Bergsson, Stefan"]
[Result "0-1"]
[WhiteElo "1854"]
[BlackElo "2158"]
[PlyCount "118"]
[EventDate "2011.03.09"]
[EventType "swiss"]
[EventRounds "9"]
[EventCountry "ISL"]
[Source "lmi"]
[SourceDate "2011.03.09"]

1. e4 c5 2. Nf3 d6 3. d4 cxd4 4. Nxd4 Nf6 5. Nc3 g6 6. f4 Nbd7 7. Bd3 a6 8. a4
Bg7 9. Nf3 O-O 10. O-O Qc7 11. Qe1 Nc5 12. h3 e6 13. Be3 Bd7 14. Qh4 d5 15.
exd5 Nxd5 16. Nxd5 exd5 17. Bd4 Nxd3 18. cxd3 Bxd4+ 19. Nxd4 Qb6 20. Qf2 Rac8
21. Kh1 Rfe8 22. a5 Qc5 23. Rac1 Qxa5 24. Rxc8 Bxc8 25. f5 Qc7 26. f6 h6 27.
Re1 Re5 28. Re2 Qc1+ 29. Kh2 Rxe2 30. Nxe2 Qxb2 31. Qe3 Qxf6 32. Qe8+ Kg7 33.
Qxc8 Qe5+ 34. Ng3 h5 35. h4 b5 36. Qxa6 b4 37. Qb6 Qf4 38. Kg1 Qxg3 39. Qd4+
Kg8 40. Qxb4 Qxd3 41. Qb8+ Kh7 42. Qe5 Qe4 43. Qf6 Qe6 44. Qf4 Qd7 45. Qd4 Kg8
46. Kh2 Qd6+ 47. Kg1 f6 48. Kf2 Kf7 49. Qa7+ Ke6 50. Qe3+ Qe5 51. Qb6+ Kf5 52.
Qc5 Qf4+ 53. Kg1 Qc4 54. Qf2+ Qf4 55. Qc5 Qe4 56. Qc8+ Ke5 57. Qe8+ Kf4 58.
Qb8+ Kg4 59. Kf2 Qf4+ 0-1

[Event "MP Reykjavik Open 2011"]
[Site "Reykjavik ISL"]
[Date "2011.03.13"]
[Round "6.68"]
[White "Steil-Antoni, Fiona"]
[Black "Klein, Gernot"]
[Result "1/2-1/2"]
[WhiteElo "2117"]
[BlackElo "1924"]
[PlyCount "72"]
[EventDate "2011.03.09"]
[EventType "swiss"]
[EventRounds "9"]
[EventCountry "ISL"]
[Source "lmi"]
[SourceDate "2011.03.09"]

1. e4 c5 2. c3 Nf6 3. e5 Nd5 4. d4 cxd4 5. cxd4 d6 6. Nf3 e6 7. Nc3 Nxc3 8.
bxc3 Qc7 9. Qc2 dxe5 10. Nxe5 Nc6 11. Nf3 Bd7 12. Bd2 Be7 13. Bd3 h6 14. O-O
O-O 15. Rfe1 b5 16. Qb2 Rab8 17. Rac1 Bd6 18. Bb1 Bf4 19. Qc2 f5 20. Bxf4 Qxf4
21. Ne5 Nxe5 22. Rxe5 b4 23. g3 Qg4 24. Rce1 Rfc8 25. Rc5 Rxc5 26. dxc5 Qf3 27.
Re3 Qc6 28. cxb4 Rxb4 29. a3 Rb5 30. Rc3 Qb7 31. Ba2 Rb2 32. c6 Bxc6 33. Bxe6+
Kh8 34. Qd1 Rb1 35. Rc1 Rxc1 36. Qxc1 Be4 1/2-1/2